000 00290nam a2200121Ia 4500
008 220204s9999 xx 000 0 und d
082 _a07+32
_bCHA
100 _aCHALAPATHI RAU, M
245 0 _aJournalism and politics
260 _aDelhi
_bVikas
_c1984
650 _aJournalism
942 _cBK
999 _c38376
_d38376